Teoria da fala (Registo nº 201537)

Detalhes MARC
000 -Etiqueta do registo
Valores 00592nam 22001933 4500
100 ## - Dados gerais de processamento
Dados gerais 20240123d u||y0pory50 ba
200 ## - Titulo e menção de responsabilidade
Título próprio Teoria da fala
Primeira menção de responsabilidade Gastão Cruz
210 ## - Publicação
Local de publicação Lisboa
Nome do editor Publicações Dom Quixote
Data de publicação [19--?]
215 ## - Descrição física 
Paginação / Volumes 67, [5] p.
Outras indicações físicas brochado
Dimensões 18 cm
225 ## - Colecção 
Título próprio da colecção Cadernos de poesia
Indicação de volume 24
300 ## - Notas gerais 
Texto da nota contém dedicatória na folha de guarda
606 ## - Nome comum usado como assunto
ID Autoridade 23
Palavra de ordem Literatura Portuguesa
Subdivisão assunto Poesia
675 ## - CDU
Notação 821.134.3-1
Edição PT
Língua por
700 ## - Autor principal (pessoa individual)
ID Autoridade 3552
Apelido Cruz
Nome Gastão
Datas 1941-2022
801 ## - Fonte de origem
País PT
Agência BMMN
Regras de catalogação RPC
830 ## - Notas gerais do catalogador
Criado por Ana Falardo
Indexado por Ana Falardo
990 ## - Elementos KOHA
Tipo de documento Livro
Exemplares
Situação do levantamento Biblioteca de origem Código de barras Cota Permissão de empréstimo Tipo de documento Nota relativa ao exemplar Forma de aquisição
  Biblioteca Municipal de Montemor-o-Novo 30875 821.134.3-1 CRU|SAF   Livro Acesso Condicionado Oferta

Powered by Koha